000 00376nam a22001337a 4500
020 _a9781259002076
040 _cNUST
082 _a621.43
_bHEY
100 _aJohn B. Heywood
_9124090
245 _aInternal Combustion Engine Fundamentals
260 _aNew York:
_bMcGraw Hill Education,
_c2017.
650 _aInternal Combustion Engine Fundamentals
_969580
942 _2ddc
_cBK
999 _c610064
_d610064